00422nam a2200157Ia 4500003000400000005001700004008004000021040000700061041000800068082001100076100001500087245010000102260004500202300001100247440000600258OSt20240305144551.0210210b1918 xxu||||| |||| 00| 0 eng d cAL aeng a160/22 aCOFFEY (P) aScience of logic Vol 1 :bInquiry into the principles of accurate thought and scientific method aLondonbLongmans Green and Companyc1918 axx,445 a1